|
|
|
|
| LEADER |
00000nam0a2200000 4500 |
| 001 |
304104 |
| 005 |
20231102001652.0 |
| 035 |
|
|
|a (RuTPU)RU\TPU\book\329339
|
| 090 |
|
|
|a 304104
|
| 100 |
|
|
|a 20150910d1982 k y0rusy5003 ca
|
| 101 |
0 |
|
|a rus
|
| 102 |
|
|
|a UA
|
| 105 |
|
|
|a y z 001zy
|
| 200 |
1 |
|
|a Функциональный анализ и прикладная математика
|e [сборник статей]
|f Академия наук Украинской ССР (АН УССР), Физико-технический институт низких температур им. Б. И. Веркина (ФТИНТ) ; под ред. В. А. Марченко
|
| 210 |
|
|
|a Киев
|c Наукова думка
|d 1982
|
| 215 |
|
|
|a 216 с.
|c ил.
|
| 320 |
|
|
|a Библиография в конце статей
|
| 606 |
1 |
|
|a Функциональный анализ
|2 stltpush
|3 (RuTPU)RU\TPU\subj\17110
|9 42934
|
| 606 |
1 |
|
|a Математика прикладная
|2 stltpush
|3 (RuTPU)RU\TPU\subj\53312
|9 71627
|
| 610 |
1 |
|
|a теория функций
|
| 610 |
1 |
|
|a теория операторов
|
| 610 |
1 |
|
|a дифференциальные уравнения
|
| 610 |
1 |
|
|a интегральные представления
|
| 610 |
1 |
|
|a квазиполиномы
|
| 610 |
1 |
|
|a случайные матрицы
|
| 610 |
1 |
|
|a колебания
|
| 610 |
1 |
|
|a идеальная жидкость
|
| 610 |
1 |
|
|a обратные задачи
|
| 675 |
|
|
|a 517.98
|z rus
|v 4
|
| 675 |
|
|
|a 51-7
|z rus
|v 4
|
| 702 |
|
1 |
|a Марченко
|b В. А.
|g Владимир Александрович
|4 340
|
| 712 |
0 |
2 |
|a Академия наук Украинской ССР (АН УССР)
|b Физико-технический институт низких температур им. Б. И. Веркина (ФТИНТ)
|c (Харьков)
|2 stltpush
|3 (RuTPU)RU\TPU\col\1121
|
| 801 |
|
0 |
|a RU
|b RuMRKP
|c 19950704
|g psbo
|
| 801 |
|
1 |
|a RU
|b 63413507
|c 20150910
|
| 801 |
|
2 |
|a RU
|b 63413507
|c 20171002
|g RCR
|
| 942 |
|
|
|c BK
|